[Event "2017 Oceania Zone 3.6 Zonal Womens Cham"]
[Site "Auckland NZL"]
[Date "2017.01.17"]
[Round "6.8"]
[White "Lim, Cassandra"]
[Black "Braganza, Nadia"]
[Result "1-0"]
[WhiteElo "1711"]
[BlackElo "1489"]
[PlyCount "91"]
[EventDate "2017.01.14"]

1. d4 Nf6 2. c4 g6 3. Nc3 Bg7 4. e4 d6 5. h3 O-O 6. Bg5 e5 7. dxe5 dxe5 8. Qxd8
Rxd8 9. Nd5 Nbd7 10. Rd1 Rf8 11. Nxc7 Rb8 12. Nf3 h6 13. Be3 b6 14. Bd3 Bb7 15.
Nd5 Nxd5 16. exd5 Rfe8 17. Bc2 f5 18. O-O Nf6 19. Ba4 Red8 20. b4 Ne4 21. Rc1
Kh7 22. Rfd1 f4 23. Bd2 Nxd2 24. Rxd2 a6 25. Bb3 e4 26. Nd4 Bxd4 27. Rxd4 Re8
28. Re1 e3 29. fxe3 fxe3 30. Rd3 Re4 31. Rdxe3 Rxe3 32. Rxe3 Bc8 33. Re8 Kg7
34. d6 Bd7 35. Rxb8 Kf6 36. Rxb6 Ke5 37. c5 g5 38. c6 Kxd6 39. cxd7+ Kxd7 40.
Rxh6 Kc7 41. Rxa6 Kd7 42. a4 Kc7 43. b5 Kb7 44. Bd5+ Kc7 45. b6+ Kb8 46. Ra8#
1-0

[Event "2017 Oceania Zone 3.6 Zonal Womens Cham"]
[Site "Auckland NZL"]
[Date "2017.01.17"]
[Round "6.9"]
[White "Lourenco, Eva"]
[Black "Lane, Nancy L"]
[Result "1-0"]
[WhiteElo "1272"]
[BlackElo "1902"]
[PlyCount "85"]
[EventDate "2017.01.14"]

1. d4 d5 2. Bf4 Nf6 3. e3 e6 4. Nf3 Bd6 5. Ne5 O-O 6. Bd3 Nbd7 7. c3 Qe7 8. Nd2
c5 9. O-O Re8 10. Bg3 Nf8 11. Re1 c4 12. Be2 b5 13. b3 Bb7 14. Rb1 Qc7 15. bxc4
bxc4 16. Ng4 Nxg4 17. Bxd6 Qxd6 18. Bxg4 Bc6 19. f4 Rab8 20. Qc2 Qa3 21. Bf3
Rxb1 22. Nxb1 Qa5 23. Nd2 Rb8 24. Nxc4 Qa6 25. Nd2 f5 26. Be2 Qa3 27. Nb1 Qe7
28. a4 g5 29. fxg5 Qxg5 30. Bd3 h5 31. Nd2 Ng6 32. Nf3 Qf6 33. a5 Rb7 34. Rb1
Rg7 35. Rb8+ Kh7 36. Qf2 Qe7 37. Rb4 h4 38. h3 Qd8 39. Ne5 Nxe5 40. dxe5 d4 41.
Rxd4 Rxg2+ 42. Qxg2 Qxa5 43. Rxh4# 1-0

[Event "2017 Oceania Zone 3.6 Zonal Womens Cham"]
[Site "Auckland NZL"]
[Date "2017.01.18"]
[Round "7.5"]
[White "Yao, Licia"]
[Black "Milligan, Helen"]
[Result "0-1"]
[WhiteElo "1687"]
[BlackElo "2062"]
[PlyCount "108"]
[EventDate "2017.01.14"]

1. d4 Nf6 2. c4 g6 3. Nc3 Bg7 4. e4 d6 5. Bd3 Nc6 6. Nge2 e5 7. d5 Nd4 8. Nxd4
exd4 9. Ne2 c5 10. O-O O-O 11. Ng3 a6 12. a4 b6 13. Bf4 Ng4 14. Qd2 Ne5 15.
Rfd1 Bd7 16. f3 Rb8 17. Rdb1 h5 18. b3 h4 19. Ne2 h3 20. Bxe5 Bxe5 21. f4 Bg7
22. g3 Bg4 23. Rf1 f5 24. Rae1 Re8 25. Qc2 Qd7 26. Nc1 Kf8 27. Be2 fxe4 28.
Bxg4 Qxg4 29. Rxe4 Rxe4 30. Qxe4 Re8 31. Qf3 Qf5 32. g4 Qe4 33. Qxe4 Rxe4 34.
Rf3 Re1+ 35. Rf1 Re3 36. Rd1 Bh6 37. g5 Bg7 38. Kf2 Rc3 39. Rh1 d3 40. Ke3 Bd4+
41. Kd2 Kf7 42. Rf1 Rc2+ 43. Kxd3 Rxh2 44. Ne2 Rf2 45. Rh1 Rf3+ 46. Kc2 Be3 47.
Kd3 Bf2+ 48. Kc2 Re3 49. Nc3 Be1 50. Nb1 Bb4 51. Rh2 Rg3 52. Rh1 Rg2+ 53. Kd3
h2 54. Nc3 Rg3+ 0-1

[Event "2017 Oceania Zone 3.6 Zonal Womens Cham"]
[Site "Auckland NZL"]
[Date "2017.01.18"]
[Round "7.6"]
[White "Punsalan, Vyanla M"]
[Black "Shen, Fiona"]
[Result "1-0"]
[WhiteElo "1782"]
[BlackElo "1658"]
[PlyCount "75"]
[EventDate "2017.01.14"]

1. e4 c6 2. Nf3 d5 3. exd5 cxd5 4. d4 Nf6 5. Bd3 Bg4 6. c3 a6 7. Nbd2 Nc6 8. h3
Bh5 9. b3 e6 10. Bb2 Be7 11. O-O O-O 12. Re1 b5 13. a4 Qb6 14. b4 Rfc8 15. Qb3
Nd8 16. Ne5 Nb7 17. g4 Bg6 18. Ndf3 Nd6 19. Nxg6 hxg6 20. Ng5 Rc6 21. Nxe6 fxe6
22. Rxe6 Kf7 23. Re2 Nc4 24. axb5 Qxb5 25. Qc2 Ng8 26. Ra5 Qb7 27. Rxd5 Rac8
28. Qb3 Kf8 29. Ba1 Nf6 30. Rg5 a5 31. b5 Nd6 32. Rge5 Ng8 33. Bxg6 Bf6 34. Rh5
Bxd4 35. Rh8 Rc4 36. Bh7 Qf3 37. Bxg8 Rb4 38. Bd5# 1-0

[Event "2017 Oceania Zone 3.6 Zonal Womens Cham"]
[Site "Auckland NZL"]
[Date "2017.01.18"]
[Round "7.7"]
[White "Chew Lee, Alanna"]
[Black "Smith, Vivian J"]
[Result "1/2-1/2"]
[WhiteElo "1597"]
[BlackElo "1741"]
[PlyCount "44"]
[EventDate "2017.01.14"]

1. e4 d6 2. d4 Nf6 3. Nc3 g6 4. Be3 c6 5. Qd2 h6 6. Nf3 Bg7 7. h3 b5 8. a3 a6
9. Bd3 Qc7 10. e5 dxe5 11. dxe5 Nd5 12. Bd4 O-O 13. O-O Be6 14. Be4 Nd7 15.
Nxd5 cxd5 16. Bd3 Nc5 17. Be2 Rac8 18. Rac1 Qd7 19. Qb4 Ne4 20. Rfd1 Qc7 21.
Bd3 Nc5 22. Be2 Ne4 1/2-1/2

[Event "2017 Oceania Zone 3.6 Zonal Womens Cham"]
[Site "Auckland NZL"]
[Date "2017.01.18"]
[Round "7.8"]
[White "Braganza, Nadia"]
[Black "Lourenco, Eva"]
[Result "1-0"]
[WhiteElo "1489"]
[BlackElo "1272"]
[PlyCount "95"]
[EventDate "2017.01.14"]

1. e4 c5 2. Nf3 Nc6 3. d4 cxd4 4. Nxd4 g6 5. Nc3 Bg7 6. Be3 Nf6 7. Bc4 O-O 8.
Bb3 d6 9. O-O Bd7 10. Qd2 Qb6 11. Ne6 Qa5 12. Nxf8 Rxf8 13. Bh6 b5 14. Bxg7
Kxg7 15. Bd5 b4 16. Ne2 Qb6 17. Ng3 a5 18. h4 h5 19. Qg5 e6 20. Bxc6 Bxc6 21.
e5 dxe5 22. Qxe5 Qd8 23. Rad1 Qe7 24. Rd4 Kh7 25. Qg5 Re8 26. Rf4 Ng8 27. Qxe7
Rxe7 28. Ne4 Bxe4 29. Rxe4 Nf6 30. Rc4 Ra7 31. Rd1 Kg7 32. Rd8 Nd5 33. Rcc8 a4
34. Ra8 Rc7 35. Rdc8 a3 36. bxa3 bxa3 37. Rxc7 Nxc7 38. Rxa3 Kf6 39. Ra5 Nd5
40. c4 Nb6 41. c5 Nc4 42. c6 Nxa5 43. c7 Nc6 44. c8=Q Ne5 45. Qc3 Kf5 46. a4 f6
47. Qc2+ Kg4 48. Qe4# 1-0

[Event "2017 Oceania Zone 3.6 Zonal Womens Cham"]
[Site "Auckland NZL"]
[Date "2017.01.18"]
[Round "7.11"]
[White "Lane, Nancy L"]
[Black "Ghadiali, Saasha"]
[Result "1-0"]
[WhiteElo "1902"]
[BlackElo "1035"]
[PlyCount "69"]
[EventDate "2017.01.14"]

1. d4 d5 2. Nf3 Nc6 3. e3 Nf6 4. c4 e6 5. a3 Be7 6. Nbd2 O-O 7. Bd3 a6 8. O-O
Re8 9. b3 h6 10. Bb2 Qd7 11. Ne5 Qd8 12. f4 Bd6 13. c5 Bxe5 14. fxe5 Nd7 15.
Qh5 Qe7 16. Rf3 Qf8 17. Raf1 Re7 18. Rg3 Nd8 19. Qxh6 g6 20. Qh4 Re8 21. Bxg6
fxg6 22. Rxg6+ Qg7 23. Rxg7+ Kxg7 24. Rf3 Nf7 25. e4 dxe4 26. Nxe4 Rh8 27. Rg3+
Kf8 28. Qg4 Ke7 29. Bc1 a5 30. Bg5+ Ke8 31. Qxe6+ Kf8 32. Qe7+ Kg8 33. Bf6+ Kh7
34. Qxf7+ Kh6 35. Qg6# 1-0

[Event "2017 Oceania Zone 3.6 Zonal Womens Cham"]
[Site "Auckland NZL"]
[Date "2017.01.19"]
[Round "8.1"]
[White "Zhang, Jasmine Haomo"]
[Black "Timergazi, Layla"]
[Result "0-1"]
[WhiteElo "1719"]
[BlackElo "2069"]
[PlyCount "46"]
[EventDate "2017.01.14"]

1. d4 Nf6 2. Nf3 g6 3. Bf4 Bg7 4. e3 d6 5. c3 O-O 6. Bd3 Nbd7 7. Qe2 b6 8. Nbd2
Bb7 9. Bc2 Qe8 10. e4 e5 11. dxe5 Nh5 12. Be3 dxe5 13. O-O-O a5 14. g4 Nf4 15.
Bxf4 exf4 16. h4 a4 17. Nb1 Nc5 18. Rhe1 Qe6 19. Nd4 Qxa2 20. Na3 Bxd4 21. cxd4
Nb3+ 22. Bxb3 axb3 23. Qd2 Rxa3 0-1

[Event "2017 Oceania Zone 3.6 Zonal Womens Cham"]
[Site "Auckland NZL"]
[Date "2017.01.19"]
[Round "8.2"]
[White "Guo, Zhi Lin"]
[Black "Chibnall, Alana"]
[Result "1/2-1/2"]
[WhiteElo "1872"]
[BlackElo "1842"]
[PlyCount "40"]
[EventDate "2017.01.14"]

1. e4 e5 2. d4 exd4 3. Qxd4 Nc6 4. Qe3 Nf6 5. Nc3 Bb4 6. Bd2 O-O 7. O-O-O Re8
8. Qg3 d6 9. f3 Rb8 10. Nge2 b5 11. h4 Ne5 12. h5 Bxc3 13. Nxc3 b4 14. Nd5 Nxd5
15. exd5 Bf5 16. Bh6 g6 17. hxg6 fxg6 18. Qh4 Qxh4 19. Rxh4 a5 20. Bc4 Nxc4
1/2-1/2

[Event "2017 Oceania Zone 3.6 Zonal Womens Cham"]
[Site "Auckland NZL"]
[Date "2017.01.19"]
[Round "8.4"]
[White "Hardegen, Kathryn"]
[Black "Punsalan, Vyanla M"]
[Result "1-0"]
[WhiteElo "1797"]
[BlackElo "1782"]
[PlyCount "53"]
[EventDate "2017.01.14"]

1. d4 d5 2. c4 c6 3. Nc3 Nf6 4. Nf3 Nbd7 5. e3 g6 6. Be2 Bg7 7. Qc2 O-O 8. O-O
Re8 9. e4 dxe4 10. Nxe4 Nxe4 11. Qxe4 e5 12. d5 Nf6 13. Qc2 cxd5 14. cxd5 Bf5
15. Qb3 Qc7 16. Be3 Be4 17. Rac1 Qd8 18. Rfd1 Bf8 19. d6 Bd5 20. Rxd5 Nxd5 21.
Qxd5 Qxd6 22. Qxb7 Rab8 23. Qxa7 Rxb2 24. Bf1 Reb8 25. h4 R2b7 26. Qa5 Rb5 27.
Bxb5 1-0

[Event "2017 Oceania Zone 3.6 Zonal Womens Cham"]
[Site "Auckland NZL"]
[Date "2017.01.19"]
[Round "8.5"]
[White "Milligan, Helen"]
[Black "Lim, Cassandra"]
[Result "1/2-1/2"]
[WhiteElo "2062"]
[BlackElo "1711"]
[PlyCount "106"]
[EventDate "2017.01.14"]

1. e4 e6 2. d4 d5 3. Nc3 Bb4 4. e5 c5 5. a3 Bxc3+ 6. bxc3 Ne7 7. Qg4 cxd4 8.
Qxg7 Rg8 9. Qxh7 Qc7 10. Ne2 Nbc6 11. f4 dxc3 12. Qd3 d4 13. Nxd4 Nxd4 14. Qxd4
Bd7 15. Rg1 Nf5 16. Qf2 Qc6 17. Bd3 Qd5 18. a4 Bc6 19. Ra3 O-O-O 20. Rxc3 Kb8
21. Rc4 Qd7 22. g4 Nd4 23. Rg3 Qd5 24. Rxd4 Qxd4 25. Qxd4 Rxd4 26. a5 Be4 27.
Ke2 Bxd3+ 28. cxd3 Rc8 29. Bd2 Ra4 30. Ke3 Rc2 31. Rf3 Ra1 32. f5 Rg1 33. Rg3
Rxg3+ 34. hxg3 Kc7 35. d4 Kd7 36. Kd3 Rc8 37. f6 b5 38. axb6 axb6 39. g5 Rg8
40. Ke4 Kc6 41. g4 Rg6 42. d5+ Kd7 43. Be3 Rg8 44. Bxb6 Rg6 45. Ba5 Rg8 46. Bb4
Rb8 47. Bd6 Rg8 48. Be7 Rxg5 49. Kf4 Rg8 50. dxe6+ Kxe6 51. Bd6 Rg6 52. g5 Rg8
53. Kg4 Rg6 1/2-1/2

[Event "2017 Oceania Zone 3.6 Zonal Womens Cham"]
[Site "Auckland NZL"]
[Date "2017.01.19"]
[Round "8.6"]
[White "Smith, Vivian J"]
[Black "Chen, Paula"]
[Result "1-0"]
[WhiteElo "1741"]
[BlackElo "1279"]
[PlyCount "105"]
[EventDate "2017.01.14"]

1. e4 e5 2. Nf3 Nc6 3. d4 exd4 4. Bc4 d6 5. Nxd4 Ne5 6. Be2 Nf6 7. Nc3 Be7 8.
O-O O-O 9. f4 Ng6 10. Be3 Re8 11. Kh1 Bf8 12. Bd3 Bd7 13. Qd2 a6 14. Nde2 Bc6
15. Ng3 Qd7 16. Rae1 Rad8 17. h3 Qc8 18. Qf2 Be7 19. Bd4 Qd7 20. Nf5 Nf8 21.
Nxe7+ Qxe7 22. Nd5 Bxd5 23. exd5 Qd7 24. Bxf6 Rxe1 25. Rxe1 gxf6 26. Qg3+ Kh8
27. Qh4 Kg7 28. Qg3+ Kh8 29. Qh4 Kg7 30. Qg3+ Kh8 31. Qe3 Kg7 32. Kh2 Kg8 33.
g4 Kg7 34. Bf5 Qb5 35. Qb3 Qxb3 36. axb3 Ng6 37. Bxg6 hxg6 38. Re7 Rc8 39. c3
Kf8 40. Re2 Re8 41. Rxe8+ Kxe8 42. Kg3 Ke7 43. h4 c6 44. dxc6 bxc6 45. Kf3 f5
46. gxf5 gxf5 47. Ke3 c5 48. b4 Kf6 49. bxc5 dxc5 50. b4 cxb4 51. cxb4 Kg6 52.
Kd4 f6 53. Kc5 1-0

[Event "2017 Oceania Zone 3.6 Zonal Womens Cham"]
[Site "Auckland NZL"]
[Date "2017.01.19"]
[Round "8.7"]
[White "Ghadiali, Renae"]
[Black "Yao, Licia"]
[Result "0-1"]
[WhiteElo "991"]
[BlackElo "1687"]
[PlyCount "62"]
[EventDate "2017.01.14"]

1. e4 e6 2. Nf3 d5 3. exd5 exd5 4. Nc3 Nf6 5. d4 Bg4 6. Bg5 Be7 7. h3 Bh5 8.
Be2 O-O 9. O-O c6 10. Qd3 Ne4 11. Bxe7 Qxe7 12. Nxe4 dxe4 13. Qe3 Re8 14. Nd2
Bg6 15. Rfe1 Nd7 16. Bg4 Nf6 17. Qf4 Nd5 18. Qg3 f5 19. Be2 f4 20. Qg4 Qf6 21.
c3 h5 22. Qd7 Re7 23. Qxe7 Qxe7 24. Bc4 f3 25. gxf3 Qg5+ 26. Kf1 Qxd2 27. Rab1
Bf5 28. h4 exf3 29. Rbd1 Qf4 30. Kg1 Qg4+ 31. Kh2 Qg2# 0-1

[Event "2017 Oceania Zone 3.6 Zonal Womens Cham"]
[Site "Auckland NZL"]
[Date "2017.01.19"]
[Round "8.8"]
[White "Chew Lee, Alanna"]
[Black "Braganza, Nadia"]
[Result "1-0"]
[WhiteElo "1597"]
[BlackElo "1489"]
[PlyCount "65"]
[EventDate "2017.01.14"]

1. e4 c5 2. Nf3 Nc6 3. d4 cxd4 4. Nxd4 g6 5. Nc3 Bg7 6. Be3 Nf6 7. Bc4 O-O 8.
Bb3 d6 9. h3 Bd7 10. O-O a6 11. Rb1 Rc8 12. Re1 Na5 13. Qd2 Nxb3 14. cxb3 Bc6
15. Bh6 Re8 16. Bxg7 Kxg7 17. e5 dxe5 18. Rxe5 Qd6 19. Qe3 b5 20. Rd1 Qc7 21.
Nxc6 Qxc6 22. Rxe7 Rxe7 23. Qxe7 Re8 24. Qb4 Re5 25. Rd8 Re1+ 26. Kh2 Re8 27.
Qd6 Qb7 28. Rxe8 Nxe8 29. Qe5+ Kf8 30. Nd5 Ng7 31. Qd6+ Kg8 32. Nf6+ Kh8 33.
Qf8# 1-0

[Event "2017 Oceania Zone 3.6 Zonal Womens Cham"]
[Site "Auckland NZL"]
[Date "2017.01.19"]
[Round "8.10"]
[White "Lourenco, Eva"]
[Black "Prasad, Tanvi"]
[Result "1-0"]
[WhiteElo "1272"]
[BlackElo "1265"]
[PlyCount "83"]
[EventDate "2017.01.14"]

1. d4 d5 2. Bf4 Nc6 3. e3 Bf5 4. c3 Nf6 5. Nd2 e6 6. Ngf3 Bd6 7. Ne5 O-O 8. Be2
Bxe5 9. dxe5 Nd7 10. Nf3 Be4 11. Bd3 Bxf3 12. gxf3 Ncxe5 13. Bxe5 Nxe5 14. Bc2
Qf6 15. f4 Nd7 16. Qd3 g6 17. O-O-O c6 18. h4 e5 19. f5 e4 20. Qe2 Qxf5 21. f4
h5 22. Rhg1 Nf6 23. Rg5 Qd7 24. f5 Kg7 25. Rdg1 Ng4 26. R1xg4 hxg4 27. Qxg4 Kf6
28. Qf4 gxf5 29. c4 Rad8 30. c5 Rg8 31. Bd1 Rxg5 32. Qxg5+ Ke5 33. Qg7+ Ke6 34.
h5 d4 35. Bb3+ Qd5 36. Bxd5+ Kxd5 37. Qxd4+ Ke6 38. Qxd8 Ke5 39. h6 Ke6 40. h7
Ke5 41. h8=Q+ Ke6 42. Qhf6# 1-0

[Event "2017 Oceania Zone 3.6 Zonal Womens Cham"]
[Site "Auckland NZL"]
[Date "2017.01.19"]
[Round "8.11"]
[White "Oka, Itsuki"]
[Black "Lane, Nancy L"]
[Result "0-1"]
[WhiteElo "403"]
[BlackElo "1902"]
[PlyCount "78"]
[EventDate "2017.01.14"]

1. e4 c6 2. d4 d5 3. Nc3 dxe4 4. Nxe4 Nf6 5. f3 Bf5 6. Nc5 b6 7. Nb3 e6 8. Bd3
Bxd3 9. Qxd3 Bd6 10. Bg5 h6 11. Bh4 a5 12. a4 Na6 13. c3 Nc7 14. Ne2 Ncd5 15.
Qc4 Qd7 16. Bxf6 Nxf6 17. Qd3 O-O 18. O-O Rad8 19. Rad1 Bb8 20. f4 c5 21. Kh1
Qxa4 22. Qc2 Nd5 23. Rd2 Ne3 24. Qc1 Nxf1 25. Qxf1 Qxb3 26. Qc1 cxd4 27. cxd4
Qe3 28. Qc3 Bxf4 29. Qxe3 Bxe3 30. Rd3 Bg5 31. Rb3 Rb8 32. Rb5 Rfc8 33. b3 Rc2
34. Ng1 Be3 35. h3 Bxg1 36. Kxg1 Rd2 37. Kh2 Rxd4 38. g3 Rc8 39. Re5 Rc2+ 0-1

[Event "2017 Oceania Zone 3.6 Zonal Womens Cham"]
[Site "Auckland NZL"]
[Date "2017.01.20"]
[Round "9.4"]
[White "Qin, Joy Shu Yan"]
[Black "Zhang, Jasmine Haomo"]
[Result "0-1"]
[WhiteElo "1708"]
[BlackElo "1719"]
[PlyCount "50"]
[EventDate "2017.01.14"]

1. e4 c5 2. c3 g6 3. Nf3 Bg7 4. d4 cxd4 5. cxd4 d5 6. exd5 Nf6 7. Ne5 O-O 8.
Nc3 Nxd5 9. Nf3 Nc6 10. Be2 e5 11. Bg5 Qa5 12. dxe5 Nxc3 13. bxc3 Nxe5 14. Bd2
Nxf3+ 15. Bxf3 Bxc3 16. Rc1 Re8+ 17. Be2 Bxd2+ 18. Qxd2 Rxe2+ 19. Kxe2 Bg4+ 20.
f3 Re8+ 21. Kd1 Rd8 22. Rc2 Rxd2+ 23. Rxd2 Be6 24. Ke2 Bc4+ 25. Ke3 Qc3+ 0-1

[Event "2017 Oceania Zone 3.6 Zonal Womens Cham"]
[Site "Auckland NZL"]
[Date "2017.01.20"]
[Round "9.5"]
[White "Guo, Zhi Lin"]
[Black "Chew Lee, Alanna"]
[Result "1-0"]
[WhiteElo "1872"]
[BlackElo "1597"]
[PlyCount "153"]
[EventDate "2017.01.14"]

1. d4 Nf6 2. c4 e6 3. Nc3 d5 4. cxd5 exd5 5. Bg5 Be7 6. e3 c6 7. Bd3 h6 8. Bh4
Be6 9. Qc2 Nbd7 10. Nge2 O-O 11. O-O Nh5 12. Bg3 Nxg3 13. Nxg3 Nf6 14. Nce2 Bd6
15. f3 Re8 16. Qd2 Bd7 17. e4 dxe4 18. fxe4 Bxg3 19. Nxg3 Qb6 20. Qf2 Be6 21.
h3 Rad8 22. e5 Qxd4 23. Qxd4 Rxd4 24. Ba6 Nd7 25. Bxb7 Nxe5 26. b3 Bc8 27. Bxc8
Rxc8 28. Rae1 Ng6 29. Nf5 Rd7 30. Re4 Rcd8 31. h4 h5 32. Ng3 Rd4 33. Rxd4 Rxd4
34. Nxh5 Nxh4 35. Ng3 Rd2 36. Rf2 Rxf2 37. Kxf2 Kf8 38. Ne4 Ke7 39. g3 Ng6 40.
Ke3 f5 41. Ng5 Kf6 42. Nf3 Ne5 43. Nd4 Ng4+ 44. Kf3 Ne5+ 45. Ke3 g6 46. a4 a5
47. Nc2 Nd7 48. Na3 Ne5 49. Kd4 Ke6 50. Nc2 Kd6 51. Ne3 Ng4 52. Nxg4 fxg4 53.
Kc4 Ke5 54. b4 Ke4 55. bxa5 Kf3 56. a6 Kxg3 57. a7 Kf2 58. a8=Q g3 59. Qxc6 g2
60. Qxg2+ Kxg2 61. a5 g5 62. a6 g4 63. a7 g3 64. a8=Q+ Kf1 65. Qh1+ Kf2 66. Qh4
Kf3 67. Qf6+ Kg2 68. Kd3 Kh2 69. Qh4+ Kg2 70. Ke2 Kg1 71. Qxg3+ Kh1 72. Qg4 Kh2
73. Kf2 Kh1 74. Qe4+ Kh2 75. Qf4+ Kh3 76. Qf5+ Kh2 77. Qh5# 1-0

[Event "2017 Oceania Zone 3.6 Zonal Womens Cham"]
[Site "Auckland NZL"]
[Date "2017.01.20"]
[Round "9.6"]
[White "Yao, Licia"]
[Black "Shen, Fiona"]
[Result "1-0"]
[WhiteElo "1687"]
[BlackElo "1658"]
[PlyCount "63"]
[EventDate "2017.01.14"]

1. d4 Nf6 2. Nf3 d5 3. c4 c6 4. e3 Bf5 5. cxd5 cxd5 6. Nc3 e6 7. Ne5 a6 8. g4
Bg6 9. h4 h6 10. Nxg6 fxg6 11. Bd3 Ne4 12. Nxe4 dxe4 13. Bxe4 Qf6 14. Qf3 Bb4+
15. Bd2 Bxd2+ 16. Kxd2 O-O 17. Qxf6 Rxf6 18. Ke2 Nc6 19. g5 Rf7 20. Bxg6 Rc7
21. Rac1 Rac8 22. Kd2 Rd8 23. f4 Re7 24. Be4 Na7 25. gxh6 gxh6 26. Rhg1+ Kf7
27. Rg6 e5 28. fxe5 Rxe5 29. Rc7+ Kf8 30. Rxh6 Kg8 31. Bh7+ Kf8 32. Rf6+ 1-0

[Event "2017 Oceania Zone 3.6 Zonal Womens Cham"]
[Site "Auckland NZL"]
[Date "2017.01.20"]
[Round "9.7"]
[White "Lim, Cassandra"]
[Black "Lourenco, Eva"]
[Result "1/2-1/2"]
[WhiteElo "1711"]
[BlackElo "1272"]
[PlyCount "76"]
[EventDate "2017.01.14"]

1. d4 Nf6 2. c4 g6 3. Nc3 Bg7 4. e4 O-O 5. Bg5 d6 6. h3 Na6 7. Nf3 e5 8. Bd3
Qe8 9. O-O exd4 10. Nxd4 c6 11. Qd2 Nc5 12. Rfe1 Ne6 13. Be3 Nxd4 14. Bxd4 Qd8
15. Rad1 Nd7 16. Bxg7 Kxg7 17. Bf1 Qb6 18. Qd4+ Qxd4 19. Rxd4 Nc5 20. Rxd6 a5
21. Red1 Be6 22. Be2 h5 23. f4 Rab8 24. Rf1 Rbd8 25. Rfd1 Rxd6 26. Rxd6 Kf6 27.
g4 Ke7 28. Rd1 hxg4 29. hxg4 f5 30. exf5 gxf5 31. g5 Rh8 32. Kg2 Kf7 33. Rh1
Kg7 34. Rxh8 Kxh8 35. b3 Kg7 36. Kg3 Bf7 37. Bf3 Bg6 38. Ne2 Ne6 1/2-1/2

[Event "2017 Oceania Zone 3.6 Zonal Womens Cham"]
[Site "Auckland NZL"]
[Date "2017.01.20"]
[Round "9.8"]
[White "Parrado, Angelica"]
[Black "Lane, Nancy L"]
[Result "0-1"]
[WhiteElo "1655"]
[BlackElo "1902"]
[PlyCount "66"]
[EventDate "2017.01.14"]

1. d4 d5 2. Nf3 Nf6 3. g3 e6 4. Bg2 c5 5. c4 Nc6 6. O-O dxc4 7. Bf4 cxd4 8. Qa4
Bd6 9. Nxd4 O-O 10. Nxc6 bxc6 11. Bxc6 e5 12. Bxa8 exf4 13. Nc3 fxg3 14. hxg3
Qb6 15. e3 Bd7 16. Nd5 Bxa4 17. Nxb6 axb6 18. Bf3 Be5 19. Rac1 b5 20. Bd1 Bxd1
21. Rfxd1 Bxb2 22. Rc2 c3 23. Re2 Rc8 24. Rc2 h6 25. Rd4 Ra8 26. Rb4 Ra5 27. e4
Ng4 28. Kg2 Ne5 29. f4 Nd3 30. Re2 Nxb4 31. e5 c2 32. e6 fxe6 33. Rxe6 c1=Q 0-1

[Event "2017 Oceania Zone 3.6 Zonal Womens Cham"]
[Site "Auckland NZL"]
[Date "2017.01.20"]
[Round "9.9"]
[White "Lal, Krystal"]
[Black "Punsalan, Vyanla M"]
[Result "0-1"]
[WhiteElo "692"]
[BlackElo "1782"]
[PlyCount "82"]
[EventDate "2017.01.14"]

1. e4 c5 2. Nf3 Nc6 3. c3 d6 4. d4 cxd4 5. cxd4 Bg4 6. Be2 Nf6 7. Nc3 g6 8. h3
Bxf3 9. Bxf3 Bg7 10. O-O O-O 11. Bg5 Qb6 12. d5 Ne5 13. Rb1 Rac8 14. Be3 Qa5
15. b4 Qd8 16. Rc1 b6 17. b5 Nfd7 18. Na4 Rxc1 19. Bxc1 Nc5 20. Nxc5 bxc5 21.
Be2 Qa5 22. f4 Nd7 23. a4 Nb6 24. f5 Qxa4 25. fxg6 hxg6 26. Qd3 c4 27. Qg3 c3
28. Bf4 Qxe4 29. Bf3 Qd4+ 30. Rf2 c2 31. Kh2 c1=Q 32. Bxc1 Be5 33. Qxe5 Qxe5+
34. g3 Rc8 35. Bf4 Qe1 36. Re2 Qf1 37. Bg4 f5 38. Bf3 Qxf3 39. Re3 Rc2+ 40. Re2
Qxe2+ 41. Kg1 Qg2# 0-1

[Event "2017 Oceania Zone 3.6 Zonal Womens Cham"]
[Site "Auckland NZL"]
[Date "2017.01.20"]
[Round "9.10"]
[White "Prasad, Tanvi"]
[Black "Braganza, Nadia"]
[Result "0-1"]
[WhiteElo "1265"]
[BlackElo "1489"]
[PlyCount "76"]
[EventDate "2017.01.14"]

1. e4 c5 2. Nf3 d6 3. Nc3 Nf6 4. Bc4 g6 5. Ng5 e6 6. d4 Nbd7 7. d5 e5 8. O-O
Bg7 9. Re1 O-O 10. Be3 a6 11. h3 b5 12. Be2 h6 13. Nf3 b4 14. Na4 Nxe4 15. Bd3
Nef6 16. Bc4 e4 17. Nd2 Ne5 18. b3 Bb7 19. Bf4 Nxc4 20. bxc4 Nh5 21. g3 Nxf4
22. gxf4 Bxa1 23. Qxa1 f5 24. f3 Bc8 25. fxe4 Bd7 26. Nb2 fxe4 27. Nxe4 Qh4 28.
Nd3 Bxh3 29. Re3 Bf5 30. Nxd6 Qg4+ 31. Kf2 Bxd3 32. Rxd3 Rxf4+ 33. Ke3 Rf3+ 34.
Kd2 Qg2+ 35. Kc1 Rf1+ 36. Kb2 Rxa1 37. Kxa1 Qxc2 38. Rf3 Qc1# 0-1